[Event "La Coruna"]
[Site "?"]
[Date "1992.??.??"]
[Round "?"]
[White "Ulibin, M."]
[Black "Sjodahl, P."]
[Result "1-0"]
[WhiteElo "2570"]
[BlackElo "2325"]
[PlyCount "73"]
[EventDate "1992.??.??"]
[Source "www.chesslib.no"]
[SourceDate "2004.05.04"]

1. d4 Nf6 2. c4 c5 3. d5 a6 4. a4 e6 5. Nc3 Bd6 6. g3 Bc7 7. Bg2 exd5 8. cxd5 d6 9. Nf3 O-O 10. O-O Re8 11. h3 Nbd7 12. b3 Ne5 13. Nxe5 Rxe5 14. e4 Rb8 15. f4 Re8 16. Bb2 b5 17. axb5 axb5 18. Qc2 Ba5 19. Nd1 Bb4 20. Nf2 c4 21. Bd4 cxb3 22. Qxb3 Ba5 23. e5 Nd7 24. e6 Nc5 25. Qa2 Bb6 26. f5 Qg5 27. Kh2 fxe6 28. fxe6 b4 29. Qb2 Bb7 30. h4 Qg6 31. Qxb4 Ba6 32. Rfb1 Bd3 33. Nxd3 Nxd3 34. Qxd6 Bxd4 35. Rxb8 Bxa1 36. Qd8 Kf8 37. e7+ 1-0

[Event "Buenos Aires Open GPI"]
[Site "Buenos Aires ARG"]
[Date "1991.??.??"]
[Round "7"]
[White "Ricardi, Pablo"]
[Black "Tempone, Marcelo J"]
[Result "0-1"]
[WhiteElo "2435"]
[BlackElo "2460"]
[PlyCount "104"]
[EventDate "1991.??.??"]
[Source "www.chesslib.no"]
[SourceDate "2004.05.04"]

1. d4 Nf6 2. c4 c5 3. d5 g6 4. Nc3 Bg7 5. e4 d6 6. Nf3 O-O 7. h3 Na6 8. Be2 e6 9. Bf4 e5 10. Bg5 h6 11. Be3 Nh5 12. Qd2 Nf4 13. Bf1 f5 14. exf5 Bxf5 15. a3 g5 16. g3 Bg6 17. O-O-O Qa5 18. Re1 Nb4 19. gxf4 exf4 20. Bd4 cxd4 21. Ne4 Rfe8 22. axb4 Qa1+ 23. Kc2 Qa4+ 24. Kb1 Bxe4+ 25. Rxe4 Rxe4 26. Bd3 Re7 27. Bc2 Qe8 28. Qd3 Re2 29. h4 g4 30. Qh7+ Kf8 31. Rg1 d3 32. Bxd3 Rxb2+ 33. Kc1 Qd7 34. Nd2 Ra2 35. Qe4 Be5 36. Qg6 g3 37. fxg3 Qg7 38. gxf4 Bb2+ 39. Kd1 Ra1+ 40. Nb1 Qxg6 41. Rxg6 Bc3 42. Rxd6 Bxb4 43. Rxh6 Re8 44. Kc2 Re3 45. Rh8+ Ke7 46. Rh7+ Kd6 47. Rxb7 Ra2+ 48. Kb3 Rf2 49. Rxb4 Rxd3+ 50. Nc3 Kc5 51. d6 Rff3 52. Rb5+ Kc6 0-1

[Event "Leon op"]
[Site "Leon"]
[Date "1998.??.??"]
[Round "4"]
[White "Damaso, Rui"]
[Black "Bellon Lopez, Juan Manuel"]
[Result "1/2-1/2"]
[WhiteElo "2440"]
[BlackElo "2455"]
[PlyCount "109"]
[EventDate "1998.07.??"]
[Source "www.chesslib.no"]
[SourceDate "2004.05.04"]

1. d4 Nf6 2. c4 c5 3. d5 a6 4. Bg5 b5 5. Nd2 Qa5 6. Bxf6 exf6 7. e4 d6 8. a4 b4 9. h4 h5 10. g3 g6 11. Bh3 Nd7 12. f4 Bg7 13. Ngf3 O-O 14. O-O Qc7 15. Qc2 Ne5 16. Bxc8 Nxf3+ 17. Nxf3 Qxc8 18. f5 Bh6 19. b3 Ra7 20. Rae1 Re7 21. Kh2 gxf5 22. exf5 Rfe8 23. Rxe7 Rxe7 24. Re1 Rxe1 25. Nxe1 Qe8 26. Ng2 Qe5 27. Qd3 Kg7 28. Kh3 Qa1 29. Kh2 Qb2 30. Qd1 Bd2 31. Kh3 Kh6 32. Kh2 Bc3 33. Kh3 Be5 34. Ne3 Qf2 35. Qg4 Qg1 36. Qf3 Kg7 37. Nf1 Kf8 38. Qg2 Qd4 39. Qf3 Ke7 40. Kg2 Qb2+ 41. Kh3 Bc3 42. Qd1 Qf2 43. Qd3 Kd7 44. Nh2 Be5 45. Nf1 Qe1 46. Kg2 Bd4 47. Qc2 Qc3 48. Qd1 Qb2+ 49. Kh3 Qf2 50. Qd3 Bc3 51. Nh2 Qe1 52. Nf3 Qf2 53. Nh2 Be5 54. Nf1 Bc3 55. Nh2 1/2-1/2

[Event "Salongernas Elo"]
[Site "Salogernas"]
[Date "1993.??.??"]
[Round "?"]
[White "Cramling, Dan"]
[Black "Sjoberg, Mats"]
[Result "1/2-1/2"]
[WhiteElo "2420"]
[BlackElo "2475"]
[PlyCount "123"]
[EventDate "1993.??.??"]
[Source "www.chesslib.no"]
[SourceDate "2004.05.04"]

1. c4 c5 2. e3 Nf6 3. d4 g6 4. dxc5 Bg7 5. Nd2 O-O 6. Ngf3 a5 7. b3 Ne4 8. Nd4 Nxc5 9. Bb2 d5 10. Be2 e5 11. Nb5 d4 12. exd4 exd4 13. Nb1 d3 14. Bxg7 dxe2 15. Qxd8 Rxd8 16. N1c3 Kxg7 17. Nc7 Ra7 18. N3b5 Ra6 19. Nxa6 bxa6 20. Nc3 Bb7 21. f3 Nc6 22. Nxe2 Nd3+ 23. Kf1 Ncb4 24. Rd1 Nc2 25. Rd2 Ne3+ 26. Kg1 Nxg2 27. Kxg2 Nf4+ 28. Nxf4 Rxd2+ 29. Kg3 Rxa2 30. Rd1 Rb2 31. Rd3 g5 32. Ne6+ Kg6 33. Nc5 Bc8 34. Rd8 Bf5 35. Rd6+ f6 36. Rxa6 h5 37. h4 Rc2 38. hxg5 Kxg5 39. Ne6+ Bxe6 40. Rxe6 h4+ 41. Kh3 Rc3 42. Kg2 Rxb3 43. Ra6 Ra3 44. c5 Ra2+ 45. Kh3 Rf2 46. Rxa5 Rxf3+ 47. Kg2 Rg3+ 48. Kh2 Rc3 49. Ra8 Rxc5 50. Rg8+ Kf4 51. Kh3 Rc1 52. Ra8 Re1 53. Rf8 f5 54. Rf7 Re2 55. Rf8 Re7 56. Ra8 Kf3 57. Kxh4 f4 58. Ra3+ Re3 59. Ra2 Rd3 60. Kh3 Rd8 61. Ra3+ Ke2 62. Kg4 1/2-1/2